Vertigo Callouts - Statistics

General Stats
  • This quiz has been taken 80 times
  • The average score is 10 of 16
Answer Stats
Picture Answer % Correct
Mid
97%
Terrorist Spawn
96%
Counter-Terrorist Spawn
91%
Bombsite A
90%
Bombsite B
90%
Ramp
90%
Ladder
79%
Elevator
72%
Stairs
72%
Heaven
53%
Squeeky
49%
Under-Mid
40%
Catwalk
29%
Terrorist Mid
22%
Side
19%
Scaffholding
7%
No matching quizzes found
Score Distribution
Percent of People with Each Score
Percentile by Number Answered
Your Score History
You have not taken this quiz